Montgomery's auditing (Record no. 3063)

MARC details
005 - DATE AND TIME OF LATEST TRANSACTION
control field 20250603062240.0
020 ## - INTERNATIONAL STANDARD BOOK NUMBER
International Standard Book Number 0-471-14063-5
082 ## - DEWEY DECIMAL CLASSIFICATION NUMBER
Classification number LECT 657.45 ORE
100 ## - MAIN ENTRY--PERSONAL NAME
Author name O'REILLY, V. M.
245 ## - TITLE STATEMENT
Title Montgomery's auditing
250 ## - EDITION STATEMENT
Edition statement 12th Ed.
260 ## - PUBLICATION, DISTRIBUTION, ETC.
Place of publication, distribution, etc. Canada,
Name of publisher, distributor, etc. John Wiley & Sons, Inc.,
Date of publication, distribution, etc. 1998.
300 ## - PHYSICAL DESCRIPTION
Extent xlii, 1200p.: ill.; figure, table.
Other physical details Index,
Dimensions 25cm.
700 ## - ADDED ENTRY--PERSONAL NAME
Other authors/Editors McDONNELL, P. J. & WINOGRAD, B. N. & GERSON, J. S. & JAENICKE, H. R.
942 ## - ADDED ENTRY ELEMENTS (KOHA)
Source of classification or shelving scheme Dewey Decimal Classification
Koha item type Books
Holdings
Date last seen Total checkouts Full call number Barcode Cost, replacement price Price effective from Koha item type Lost status Source of classification or shelving scheme Damaged status Not for loan Withdrawn status Home library Current library Shelving location Date acquired Cost, normal purchase price
06/03/2025   LECT 657.45 O'RE 00000010704 150000.00 06/03/2025 Books   Dewey Decimal Classification       College of Business Education Main Library College of Business Education Main Library General Collection 05/28/2010 50000.00
06/03/2025   LECT 657.45 O'RE 00000010705 150000.00 06/03/2025 Books   Dewey Decimal Classification       College of Business Education Main Library College of Business Education Main Library General Collection 05/28/2010 50000.00
06/03/2025   LECT 657.45 O'RE 00000010706 150000.00 06/03/2025 Books   Dewey Decimal Classification       College of Business Education Main Library College of Business Education Main Library General Collection 05/28/2010 50000.00